00394 a2200133 4500003000500000005001700005040000900022082001400031100001500045245015300060260002700213300001000240650001000250NUST20230221182630.0 cNust a297.3,ELA aElahi,Fazl aRizq Ke Kunjia :bQuran o Sunnah ki Roshni main / رزق کی کنجیاں قرآن و سنت کی روشنی میں (Urdu) /cProf Dr. Fazl Elahi alahorebMuktiba Qudsia a95:p. aislam